| 000 | 01045nam a22003017a 4500 | ||
|---|---|---|---|
| 003 | CHAP | ||
| 005 | 20220329135735.0 | ||
| 008 | 971013s1977 r 00010 d | ||
| 010 | _a41330 | ||
| 011 | _a42302 | ||
| 035 | _a46430 | ||
| 040 | _cCHAP | ||
| 090 | _aTesis | ||
| 100 | 0 | 0 |
_aMundo Ocampo, Manuel. _979478 |
| 245 | _aEstudios sobre control, razas fisiológicas y algunas plantas hospedantes del nemátodo barranador Radopholus similis (Cobb) Thorne en el estado de Tabasco | ||
| 260 |
_a(Cárdenas, Tab.) : _bEl autor, _c1977 |
||
| 300 |
_a66 h. _b; apénd |
||
| 502 | _aTesis (M.C. Esp. en Fitopatología) -- Colegio Superior de Agricultura Tropical | ||
| 590 |
_aALEPH _b10 _c20130110 _lUCH01 _h1310 |
||
| 590 |
_aBATCH-UPD _b10 _c20130110 _lUCH01 _h0238 |
||
| 590 |
_aBATCH-UPD _b10 _c20130110 _lUCH01 _h1854 |
||
| 590 |
_aCONVERSION _b10 _c20130109 _lUCH01 _h1323 |
||
| 650 | 1 | 4 |
_aPlantas hospederas. _989004 |
| 650 | 1 | 4 |
_aRadopholus similis. _993710 |
| 901 | _aBK | ||
| 942 | _cTESIS | ||
| 949 |
_bBC _cTES _d-105862 _eTS1 _i46430 _si |
||
| 999 |
_c41330 _d41330 |
||